000 00239nam a2200097Ia 4500
001 734272
005 20250826163830.0
008 250824s9999 xx 000 0 und d
245 0 _aMUTLULUK NEDİR
_cKURTUL GÜLENÇ
260 _bTUDEM YAYINLARI
999 _c734272
_d734272